| 000 | 01394cam a22004574i 4500 | ||
|---|---|---|---|
| 003 | PE-LiUPU | ||
| 005 | 20250731173513.0 | ||
| 008 | 150616s r 000 0 d | ||
| 035 | _a(Sirsi) a7731 | ||
| 040 |
_aPE-LiUPU _bspa _cPE-LiUPU _erda |
||
| 049 | _aPRUA | ||
| 082 | 0 | 4 |
_a220 _bN47 _221 |
| 100 | 1 |
_aNeuhausen, Ch., _eautor. |
|
| 245 | 1 | 4 | _aThe Holy Bible. |
| 264 | 1 |
_aNew York : _bHebrew Publishing Company, _c1914. |
|
| 300 |
_a350 páginas ; _c21 cm. |
||
| 336 |
_atext _2rdacontent |
||
| 337 |
_aunmediated _2rdamedia |
||
| 338 |
_avolume _2rdacarrier |
||
| 505 | 0 | _aLos libros del pentateuco. | |
| 526 | _aSEG42 | ||
| 526 | _aSEG41 | ||
| 526 | _aSEG40 | ||
| 526 | _aSEG39 | ||
| 526 | _aP94 | ||
| 526 | _aP87 | ||
| 526 | _aP86 | ||
| 526 | _aP85 | ||
| 526 | _aP77 | ||
| 526 | _aP76 | ||
| 526 | _aP35 | ||
| 630 |
_aBiblia. _pA.T. _pPentateuco. _lHebreo _f1914. |
||
| 650 | 0 | 4 | _a |
| 910 |
_ajck _bjvq _cjck |
||
| 942 |
_2ddc _cBOOK |
||
| 949 |
_a220 N47 _wDEWEY _c1 _i41342 _lCCODEBUL1 _mBUL _p00.00 _r0 _sY _tBOOK _u19960603 _xTEOLOGIA _zUNKNOWN _0COMPRA _o.STAFF. Colección General |
||
| 994 |
_aC0 _bPEPRU |
||
| 596 | _a1 | ||
| 999 |
_a220 N47 _wDEWEY _c59007 _i41342 _f2021-11-9 _g5 _lCCODEBUL1 _mBUL _r0 _sY _tBOOK _u2015-6-16 _xTEOLOGIA _zUNKNOWN _0COMPRA _o.STAFF. Colección General _d59007 |
||
| 980 |
_81 _gALBERTO SANCHEZ Responsable de Automatización |
||